| 000 | 01045cam a22003377a 4500 | ||
|---|---|---|---|
| 003 | CHAP | ||
| 005 | 20220817043717.0 | ||
| 008 | 000929d1999 it a rn 00110 eng d | ||
| 010 | _a82426 | ||
| 011 | _a83398 | ||
| 020 | _a9251043574 | ||
| 035 | _a93910 | ||
| 040 | _cCHAP | ||
| 082 |
_a630.717 _bF39 |
||
| 110 | 2 | _aFAO | |
| 245 | 1 | 0 |
_aCoommunication in extension a teaching and learning guide _c/by Harry A. Carey |
| 260 |
_aRome : _bFAO, _c1999 |
||
| 300 |
_a145 p. : _bilus. |
||
| 590 |
_aBATCH-UPD _b10 _c20130110 _lUCH01 _h0344 |
||
| 590 |
_aBATCH-UPD _b10 _c20130110 _lUCH01 _h1807 |
||
| 590 |
_aBATCH-UPD _b10 _c20130410 _lUCH01 _h0018 |
||
| 590 |
_aBATCH-UPD _b10 _c20130914 _lUCH01 _h0845 |
||
| 590 |
_aCONVERSION _b10 _c20130109 _lUCH01 _h1346 |
||
| 650 | 1 | 4 |
_aComunicación en agricultura. _926212 |
| 650 | 1 | 4 |
_aExtensión agrícola. _939144 |
| 700 | 0 |
_aCarey, Harry A. _918945 |
|
| 901 | _aBK | ||
| 905 | _aPatricia Mendoza P. | ||
| 942 | _cLIBRO | ||
| 949 |
_a630.717 F39 _bBC _cFAO _d33724000779963 _eFAO1 _h98679 _i93910 _kDonaciØn _sb |
||
| 999 |
_c82426 _d82426 |
||